[Event "Amber-blind 11th"]
[Site "Monaco"]
[Date "2002.03.24"]
[Round "8"]
[White "Gelfand, Boris"]
[Black "Ivanchuk, Vassily"]
[Result "0-1"]
[WhiteElo "2703"]
[BlackElo "2717"]
[PlyCount "92"]
[EventDate "2002.03.16"]
[Source "ChessBase"]
[SourceDate "2002.05.03"]

1. d4 Nf6 2. c4 c5 3. d5 b5 4. cxb5 a6 5. bxa6 g6 6. Nc3 Bxa6 7. Nf3 Bg7 8. g3 d6 9. Bg2 Nbd7 10. O-O Nb6 11. Nh4 Nfd7 12. Qc2 Nc4 13. a3 O-O 14. Ra2 Qb6 15. Na4 Qb7 16. Bg5 h6 17. Bxe7 Rfe8 18. b3 Nxa3 19. Rxa3 Rxe7 20. Nc3 Qb4 21. Rfa1 Nb8 22. Ne4 Bxa1 23. Rxa1 Bxe2 24. Rc1 Bb5 25. Nf6+ Kg7 26. Ne4 Qd4 27. Nxd6 Bd3 28. Qd2 Re2 29. Qf4 Qxf4 30. gxf4 Rea2 31. h3 Nd7 32. Rc3 Rd2 33. Kh2 Raa2 34. b4 cxb4 35. Rc7 b3 36. Rxd7 b2 37. Rxf7+ Kg8 38. Re7 Re2 39. Rxe2 Bxe2 40. Be4 Ra3 41. f5 Bd3 42. Bxd3 Rxd3 43. f6 b1=Q 44. f7+ Kg7 45. Nxg6 Rxh3+ 46. Kxh3 Qxg6 0-1

[Event "Alma-Ata m3"]
[Site "Alma Ata KAZ"]
[Date "1995.??.??"]
[Round "?"]
[White "Karpov, Anatoly"]
[Black "Polgar, Judit"]
[Result "1/2-1/2"]
[WhiteElo "2765"]
[BlackElo "2630"]
[PlyCount "82"]
[EventDate "1995.??.??"]
[Source "www.chesslib.no"]
[SourceDate "2004.05.04"]

1. d4 Nf6 2. c4 c5 3. d5 b5 4. cxb5 a6 5. bxa6 Bxa6 6. Nc3 g6 7. e4 Bxf1 8. Kxf1 Bg7 9. g3 O-O 10. Nf3 d6 11. Kg2 Nfd7 12. Re1 Na6 13. Re2 Qb6 14. Bg5 Rfe8 15. Rc1 h6 16. Bf4 Nb4 17. a3 Na6 18. h4 h5 19. Qd2 Rab8 20. e5 dxe5 21. Nxe5 Nxe5 22. Bxe5 Bxe5 23. Rxe5 Qxb2 24. Qxb2 Rxb2 25. Ne4 Kf8 26. Nxc5 Nxc5 27. Rxc5 Ra2 28. Ra5 Rb8 29. Re3 Rbb2 30. Rf3 Rd2 31. Rf4 Kg7 32. Ra7 Kf8 33. Ra5 f6 34. Ra7 Rxd5 35. Re4 Re5 36. Rxe5 fxe5 37. Kf3 Kf7 38. Ke3 Kf6 39. a4 e6 40. f3 Rg2 41. a5 Rxg3 1/2-1/2

[Event "4. Cup G/2"]
[Site "4th Harvard Cup G/2"]
[Date "1993.??.??"]
[Round "?"]
[White "Kasparov, Gary"]
[Black "Wolff, Patrick G"]
[Result "0-1"]
[WhiteElo "2805"]
[BlackElo "2580"]
[PlyCount "49"]
[EventDate "1993.??.??"]
[Source "www.chesslib.no"]
[SourceDate "2004.05.04"]

1. d4 Nf6 2. c4 c5 3. d5 b5 4. cxb5 a6 5. bxa6 g6 6. e4 Nxe4 7. Qa4 Nf6 8. a7 Na6 9. Nf3 Bg7 10. Bxa6 Rxa7 11. Nc3 O-O 12. Qc4 Bxa6 13. Qxc5 Qb8 14. a4 Rc8 15. Qa3 Rb7 16. a5 Rb3 17. Qa2 Ng4 18. h3 Ne5 19. Nxe5 Bxe5 20. f4 Bxc3+ 21. bxc3 Rbxc3 22. Bd2 Rc2 23. Qb1 Rxd2 24. Qxb8 Re2+ 25. Kf1 0-1

[Event "Elista olm"]
[Site "Elista"]
[Date "1998.10.10"]
[Round "11"]
[White "Nikolic, Predrag"]
[Black "Ivanchuk, Vassily"]
[Result "0-1"]
[WhiteElo "2640"]
[BlackElo "2730"]
[PlyCount "126"]
[EventDate "1998.09.29"]
[Source "www.chesslib.no"]
[SourceDate "2004.05.04"]

1. d4 Nf6 2. c4 c5 3. d5 b5 4. cxb5 a6 5. bxa6 g6 6. e3 Bg7 7. Nc3 Qa5 8. Bd2 O-O 9. Ne4 Qb6 10. Qb3 Qxb3 11. Nxf6+ Bxf6 12. axb3 Bxa6 13. Ne2 Bxb2 14. Ra2 Bg7 15. Nc3 Bxc3 16. Bxc3 Bxf1 17. Rxa8 Bxg2 18. Rg1 Bxd5 19. Ra3 Nc6 20. Kd2 f6 21. Rga1 Kf7 22. Ra8 Rxa8 23. Ra2 Ra4 24. Rxa4 Bxb3 25. Ra8 g5 26. e4 h5 27. Bb2 e5 28. Ke3 Be6 29. Rc8 c4 30. Ba3 Ne7 31. Bc5 Ng6 32. Bd6 h4 33. Ra8 g4 34. Rc8 Nf4 35. Rb8 h3 36. Ra8 Nh5 37. Rf8+ Kg7 38. Rb8 Kg6 39. Ra8 Kg5 40. Ra5 Kg6 41. Rb5 Kf7 42. Rb8 Kg7 43. Ra8 Kg6 44. Ra5 Nf4 45. f3 Ng2+ 46. Kf2 gxf3 47. Kxf3 Ne1+ 48. Ke2 Nc2 49. Rc5 Kg5 50. Kf3 Nd4+ 51. Ke3 Kg4 52. Rc8 f5 53. Bxe5 d6 54. Bxd4 f4+ 55. Ke2 Bxc8 56. Bc3 Bb7 57. Bb4 Bxe4 58. Bxd6 Bd3+ 59. Kd2 Kf3 60. Bc7 Bg6 61. Be5 Bf5 62. Bd6 c3+ 63. Kxc3 Ke3 0-1

[Event "Moscow ol (Men)"]
[Site "Moscow"]
[Date "1994.??.??"]
[Round "8"]
[White "Ivanchuk, Vassily"]
[Black "Illescas Cordoba, Miguel"]
[Result "1/2-1/2"]
[WhiteElo "2695"]
[BlackElo "2590"]
[PlyCount "53"]
[EventDate "1994.11.??"]
[Source "ChessBase"]

1. d4 Nf6 2. c4 c5 3. d5 b5 4. cxb5 a6 5. bxa6 g6 6. g3 d6 7. Bg2 Bg7 8. Nf3 Bxa6 9. O-O Nbd7 10. Nc3 Nb6 11. Nd2 O-O 12. Qc2 Ra7 13. Rd1 Qa8 14. Nf1 Bb7 15. e4 Na4 16. Ne3 Nxc3 17. bxc3 Ra4 18. Bd2 Bc8 19. h3 Nd7 20. Bf1 Ne5 21. Be2 Ba6 22. c4 Ra3 23. Kg2 Nd7 24. h4 Bc8 25. h5 Qa4 26. hxg6 hxg6 27. Rac1 1/2-1/2

[Event "Batumi EUMM"]
[Site "?"]
[Date "1999.??.??"]
[Round "?"]
[White "Avrukh Boris"]
[Black "Ponomariov Ruslan"]
[Result "0-1"]
[WhiteElo "2609"]
[BlackElo "2609"]
[PlyCount "80"]
[EventDate "1999.??.??"]
[Source "www.chesslib.no"]
[SourceDate "2004.05.04"]

1. d4 Nf6 2. c4 c5 3. d5 b5 4. cxb5 a6 5. bxa6 g6 6. Nc3 Bxa6 7. g3 d6 8. Bg2 Bg7 9. Nf3 Nbd7 10. Rb1 O-O 11. O-O Qa5 12. Bd2 Rfb8 13. b3 Qa3 14. Qc2 Nb6 15. Bc1 Qa5 16. Rd1 Ne8 17. Bd2 Qa3 18. e4 Bc8 19. h3 Bd7 20. Bc1 Qa5 21. Bd2 Qa3 22. Bc1 Qa5 23. Bb2 Nc7 24. a3 Qa6 25. Bf1 Qc8 26. Kh2 f5 27. Ra1 Qf8 28. Rd2 fxe4 29. Qd3 e3 30. Qe4 Qf5 31. Qxf5 Bxf5 32. Re1 Kf8 33. Ng5 h6 34. Nge4 Nd7 35. b4 cxb4 36. axb4 Rxb4 37. Bg2 Nf6 38. Nxf6 Bxf6 39. Rc1 Nb5 40. g4 Bg5 0-1

[Event "Neum"]
[Site "?"]
[Date "2000.??.??"]
[Round "?"]
[White "Korchnoi, V."]
[Black "Baklan, V."]
[Result "0-1"]
[WhiteElo "2620"]
[BlackElo "2595"]
[PlyCount "58"]
[EventDate "2000.??.??"]
[Source "Chess Informant"]
[SourceDate "2000.06.01"]

1. d4 Nf6 2. c4 c5 3. d5 b5 4. cxb5 a6 5. bxa6 g6 6. Nc3 Bxa6 7. g3 d6 8. Bg2 Bg7 9. Nh3 O-O 10. Rb1 Nbd7 11. O-O Qa5 12. Bd2 Rfb8 13. Qc2 Ne8 14. b3 Qa3 15. Nf4 Nc7 16. Bh3 Ne5 17. Ng2 Bxe2 18. Nxe2 Qxa2 19. Qxa2 Rxa2 20. f4 Rxd2 21. Kf2 Nd3+ 22. Ke3 Rb2 23. Rxb2 Nxb2 24. Nc1 Nxd5+ 25. Kf3 c4 26. bxc4 Nxc4 27. Rd1 Nc3 28. Re1 e5 29. fxe5 dxe5 0-1

[Event "Polish Supercup, Warsaw POL"]
[Site "?"]
[Date "2001.??.??"]
[Round "2"]
[White "Bareev, E."]
[Black "Miton, K."]
[Result "1-0"]
[WhiteElo "2705"]
[BlackElo "2495"]
[PlyCount "79"]
[EventDate "2001.??.??"]
[Source "www.chesslib.no"]
[SourceDate "2004.05.04"]

1. d4 Nf6 2. c4 c5 3. d5 b5 4. cxb5 a6 5. bxa6 g6 6. Nc3 Bxa6 7. g3 d6 8. Bg2 Bg7 9. Nf3 O-O 10. O-O Nbd7 11. Qc2 Ne8 12. Rd1 Nc7 13. Bf4 Nb5 14. Nxb5 Bxb5 15. a4 Ba6 16. Rab1 Qb6 17. b3 Qb4 18. Bd2 Qb7 19. e4 Be2 20. Re1 Qa6 21. Bf1 Bxf1 22. Rxf1 Rfc8 23. a5 c4 24. b4 c3 25. Be3 Rc4 26. Rfd1 Ne5 27. Ne1 Qb5 28. Qe2 Qa4 29. Ra1 Qd7 30. Rd4 Rac8 31. Nc2 f5 32. a6 fxe4 33. Rxc4 Nxc4 34. a7 Nxe3 35. Qxe3 Ra8 36. Qb6 Qc8 37. Qc6 Qf8 38. b5 e3 39. fxe3 Bh6 40. Rf1 1-0

[Event "BL 0607 SV Mülheim Nord - Solinger SG"]
[Site "Germania"]
[Date "2006.12.10"]
[Round "6.1"]
[White "Jussupow, Artur"]
[Black "Tregubov, Pavel V"]
[Result "1/2-1/2"]
[WhiteElo "2600"]
[BlackElo "2596"]
[PlyCount "55"]
[EventDate "2006.10.28"]
[Source "www.chesslib.no"]
[SourceDate "2004.05.04"]

1. d4 Nf6 2. c4 c5 3. d5 b5 4. cxb5 a6 5. bxa6 g6 6. Nc3 Bxa6 7. g3 Bg7 8. Bg2 d6 9. Nf3 Nbd7 10. Rb1 O-O 11. O-O Qa5 12. Qc2 Nb6 13. Rd1 Nc4 14. Nd2 Nd7 15. Nxc4 Bxc4 16. Bd2 Bxc3 17. Bxc3 Qxa2 18. Qd2 Nb6 19. h4 f6 20. h5 g5 21. Be4 Bb3 22. Bxh7+ Kxh7 23. Qd3+ Kh8 24. Qg6 Bxd1 25. Qh6+ Kg8 26. Qg6+ Kh8 27. Qh6+ Kg8 28. Qg6+ 1/2-1/2

[Event "ch-SRB Playoff"]
[Site "Beograd SRB"]
[Date "2007.09.23"]
[Round "2.1"]
[White "Stojanovic, Mih"]
[Black "Perunovic, Mil"]
[Result "0-1"]
[WhiteElo "2601"]
[BlackElo "2589"]
[PlyCount "72"]
[EventDate "2007.09.21"]
[Source "www.chesslib.no"]
[SourceDate "2004.05.04"]

1. d4 Nf6 2. c4 c5 3. d5 b5 4. cxb5 a6 5. bxa6 g6 6. Nc3 Bxa6 7. Nf3 Bg7 8. g3 d6 9. Bg2 Nbd7 10. O-O Nb6 11. Rb1 Bc4 12. Nd2 Bxa2 13. Nxa2 Rxa2 14. Qb3 Ra8 15. Qb5+ Nfd7 16. b4 Na4 17. Rb3 Nc3 18. Qd3 cxb4 19. Rxb4 Nc5 20. Qe3 Qa5 21. Rc4 O-O 22. Bf3 Rae8 23. Qf4 Nd7 24. e4 Rc8 25. Kg2 Ne5 26. Rxc8 Rxc8 27. Qe3 Qa4 28. Bb2 Qc2 29. Ba1 Nxf3 30. Kxf3 Nxd5 31. exd5 Bxa1 32. Kg2 Be5 33. Nf3 Rc3 34. Qe1 Bf6 35. Qb1 Qd3 36. Qd1 Qf5 0-1

[Event "Mind Sports Games - Blitz Pair"]
[Site "Pechino CINA"]
[Date "2008.10.08"]
[Round "3"]
[White "Socko, B."]
[Black "Leon Hoyos, M."]
[Result "0-1"]
[WhiteElo "2631"]
[BlackElo "2535"]
[PlyCount "70"]
[EventDate "2008.10.08"]
[Source "www.chesslib.no"]
[SourceDate "2004.05.04"]

1. d4 Nf6 2. c4 c5 3. d5 b5 4. cxb5 a6 5. bxa6 g6 6. Nc3 Bxa6 7. Nf3 Bg7 8. Nd2 O-O 9. e4 Bxf1 10. Nxf1 Qa5 11. Bd2 d6 12. Ne3 Qa6 13. Qe2 Qb7 14. Nc4 Nbd7 15. O-O Rfb8 16. a4 Ne8 17. a5 Qa6 18. Rfe1 Rb4 19. Ne3 Rxb2 20. Rad1 Nc7 21. Nb1 Nb5 22. Nc4 Nd4 23. Qf1 Ra2 24. Nba3 Rb8 25. Bg5 Bf6 26. Bxf6 exf6 27. Rb1 Rxb1 28. Rxb1 Kg7 29. h3 Ne2+ 30. Kh2 Ne5 31. Rb6 Qa7 32. Nb5 Qe7 33. Ncxd6 Nd3 34. Rb7 Qe5+ 35. Kh1 Nxf2+ 0-1

[Event "URS-chT"]
[Site "Riga"]
[Date "1975.??.??"]
[Round "?"]
[White "Furman, Semen Abramovich"]
[Black "Geller, Efim P"]
[Result "1/2-1/2"]
[WhiteElo "2560"]
[BlackElo "2600"]
[PlyCount "139"]
[EventDate "1975.??.??"]
[Source "ChessBase"]

1. d4 Nf6 2. c4 c5 3. d5 b5 4. cxb5 a6 5. bxa6 Bxa6 6. Nc3 g6 7. Nf3 Bg7 8. g3 O-O 9. Bh3 d6 10. O-O Nbd7 11. Qc2 Bc4 12. Rd1 Ra7 13. e4 Qa8 14. a3 Rb8 15. Nd2 Ba6 16. Bf1 Rab7 17. Ra2 Bxf1 18. Rxf1 Ne8 19. b3 Qa6 20. Nd1 Qe2 21. Qc4 Qh5 22. f3 Nc7 23. a4 Bd4+ 24. Kg2 f5 25. Bb2 Rb4 26. Qc2 fxe4 27. fxe4 Qe2+ 28. Nf2 Be3 29. Bc3 Rf8 30. Nc4 Qf3+ 31. Kg1 Bxf2+ 32. Rxf2 Qxf2+ 33. Qxf2 Rxf2 34. Kxf2 Rxb3 35. Ra3 Rb1 36. Ke3 Kf7 37. Ra1 Rb3 38. Kd2 Na6 39. Kc2 Rb8 40. Na5 Ra8 41. Nc6 Ke8 42. a5 Ndb8 43. Nxb8 Rxb8 44. Kd3 Kd7 45. Kc4 e6 46. Rf1 exd5+ 47. exd5 Ke7 48. h4 Nc7 49. h5 gxh5 50. Rf5 Rg8 51. Bf6+ Kd7 52. Bg5 Rg7 53. Bf4 h4 54. gxh4 Rg4 55. Rf7+ Kc8 56. h5 h6 57. a6 Nxa6 58. Kb5 Nb4 59. Bxd6 Nxd5 60. Rh7 Rg5 61. Rxh6 Kd7 62. Bxc5 Ke8 63. Kc4 Kf7 64. Bd4 Ne7 65. Kd3 Nf5 66. Rh7+ Ke6 67. Bb2 Rg4 68. Bc1 Rh4 69. Bg5 Rh3+ 70. Kd2 1/2-1/2

[Event "Buenos Aires"]
[Site "?"]
[Date "1992.??.??"]
[Round "?"]
[White "Nikolic, P."]
[Black "Milos, Gilberto"]
[Result "1-0"]
[WhiteElo "2635"]
[BlackElo "2515"]
[PlyCount "81"]
[EventDate "1992.??.??"]
[Source "ChessBase"]
[SourceDate "1992.02.01"]

1. d4 Nf6 2. c4 c5 3. d5 b5 4. cxb5 a6 5. bxa6 g6 6. Nc3 Bxa6 7. Nf3 Bg7 8. g3 d6 9. Bg2 Nbd7 10. O-O Nb6 11. Re1 O-O 12. Bf4 Ra7 13. h3 Qb8 14. g4 Qb7 15. e4 Nc4 16. Rb1 Nd7 17. Bf1 Rb8 18. Bxc4 Bxc4 19. b3 Bxc3 20. bxc4 Qxb1 21. Qxb1 Rxb1 22. Rxb1 Bb4 23. Rb2 Ra3 24. Kg2 Rc3 25. Nd2 Nb6 26. e5 dxe5 27. Bxe5 Rd3 28. Bf4 Bxd2 29. Rxd2 Rxd2 30. Bxd2 Nxc4 31. Be3 Nb6 32. Bxc5 Nxd5 33. a4 Kf8 34. a5 Nc7 35. Bb6 Na6 36. Kf3 Ke8 37. Ke4 Kd7 38. Kd5 Nb8 39. Kc5 Kc8 40. Kb5 Kb7 41. Bc5 1-0

[Event "London 71/(69)"]
[Site "?"]
[Date "1996.??.??"]
[Round "?"]
[White "Portisch, Lajos"]
[Black "Cramling, Pia"]
[Result "1/2-1/2"]
[WhiteElo "2600"]
[BlackElo "2545"]
[PlyCount "55"]
[EventDate "1996.??.??"]
[Source "ChessBase"]
[SourceDate "1997.10.01"]

1. d4 Nf6 2. c4 c5 3. d5 b5 4. cxb5 a6 5. bxa6 Bxa6 6. Nc3 g6 7. g3 d6 8. Bg2 Bg7 9. Nh3 Nbd7 10. O-O O-O 11. Rb1 Qa5 12. Qc2 Rfb8 13. Bd2 Ne8 14. Nf4 Ne5 15. b3 Bc8 16. a4 Bd7 17. Rfc1 Qa7 18. Nd3 c4 19. bxc4 Nxc4 20. Rxb8 Rxb8 21. Be1 Nb6 22. Rb1 Rc8 23. Nb4 Nxa4 24. Nc6 Bxc6 25. dxc6 Nxc3 26. Bxc3 Qc5 27. Rb3 d5 28. Qd3 1/2-1/2

[Event "Zagreb (zt)"]
[Site "?"]
[Date "1993.??.??"]
[Round "?"]
[White "Hulak, K."]
[Black "Alterman, B."]
[Result "1-0"]
[WhiteElo "2540"]
[BlackElo "2600"]
[PlyCount "75"]
[EventDate "1993.??.??"]
[Source "ChessBase"]
[SourceDate "1993.02.01"]

1. d4 Nf6 2. c4 c5 3. d5 b5 4. cxb5 a6 5. bxa6 g6 6. g3 d6 7. Bg2 Bg7 8. Nc3 O-O 9. Nf3 Nxa6 10. O-O Qb6 11. Re1 Ng4 12. h3 Ne5 13. Nd2 Nc7 14. f4 Nd7 15. a4 Ba6 16. Kh2 Rab8 17. Ra3 c4 18. Qc2 Nc5 19. Nd1 Qb4 20. Ne3 Nb3 21. Nexc4 Bxc4 22. Qxc4 Nxc1 23. Rxc1 Qxd2 24. Rc2 Qe1 25. Qxc7 Bd4 26. h4 Bc5 27. Rac3 Qa1 28. Rxc5 dxc5 29. Qxe7 Rfe8 30. Qxc5 Rxb2 31. Qc6 Reb8 32. Bf3 Rxc2 33. Qxc2 Kg7 34. Qc7 Rb1 35. d6 Qd4 36. d7 Rd1 37. a5 Kh6 38. d8=Q 1-0

[Event "World Teams, Yerevan ARM"]
[Site "?"]
[Date "2001.??.??"]
[Round "3"]
[White "Jussupow, A."]
[Black "Ghaem Maghami, E."]
[Result "1/2-1/2"]
[WhiteElo "2630"]
[BlackElo "2510"]
[PlyCount "113"]
[EventDate "2001.??.??"]
[Source "www.chesslib.no"]
[SourceDate "2004.05.04"]

1. d4 Nf6 2. c4 c5 3. d5 b5 4. cxb5 a6 5. bxa6 Bxa6 6. Nc3 d6 7. g3 g6 8. Bg2 Bg7 9. Nf3 Nbd7 10. Rb1 O-O 11. O-O Qa5 12. Qc2 Rfb8 13. Rd1 Ne8 14. Bd2 Nc7 15. a4 Qb6 16. b3 Nf6 17. Be1 e6 18. dxe6 Nxe6 19. e3 Bb7 20. Rbc1 Rd8 21. Nb5 Be4 22. Qe2 d5 23. Nc3 Qxb3 24. Nd2 Qb7 25. f3 Bf5 26. g4 d4 27. gxf5 dxc3 28. fxe6 cxd2 29. exf7+ Qxf7 30. Rxd2 Re8 31. Bf2 Rxa4 32. Qb5 Raa8 33. Qxc5 Kh8 34. Qc4 Qf8 35. Bh3 Qa3 36. Rd3 Qb2 37. Qc2 Qb5 38. Qc4 Qg5+ 39. Bg2 Qf5 40. e4 Qa5 41. f4 Nh5 42. Be3 Rf8 43. Rd5 Qa4 44. Qxa4 Rxa4 45. Rf1 Nf6 46. Rd4 Rxd4 47. Bxd4 Nh5 48. Bxg7+ Kxg7 49. f5 gxf5 50. exf5 Kf6 51. Bh3 Rg8+ 52. Kh1 Rd8 53. Bg4 Ng7 54. Kg2 Rd2+ 55. Kg3 h5 56. Bh3 Rd3+ 57. Rf3 1/2-1/2

[Event "Soviet Union"]
[Site "Soviet Union"]
[Date "1972.??.??"]
[Round "?"]
[White "Kuzmin, Gennadi P"]
[Black "Stein, Leonid Z"]
[Result "1-0"]
[WhiteElo "2520"]
[BlackElo "2620"]
[PlyCount "81"]
[EventDate "1972.??.??"]
[Source "www.chesslib.no"]
[SourceDate "2004.05.04"]

1. d4 Nf6 2. c4 c5 3. d5 b5 4. cxb5 a6 5. bxa6 g6 6. Nc3 Bxa6 7. Nf3 Bg7 8. Nd2 d6 9. e4 Qa5 10. Bxa6 Qxa6 11. Qe2 O-O 12. Nb5 Nbd7 13. a4 Rfc8 14. Nc4 Ne8 15. Ra3 Nc7 16. Nxc7 Rxc7 17. Bd2 Nb6 18. b3 Rb7 19. Na5 Rc7 20. Qxa6 Rxa6 21. Ke2 c4 22. Nc6 cxb3 23. Rxb3 f5 24. a5 Nd7 25. Rc1 Kf8 26. Nb8 Rxc1 27. Nxd7+ Ke8 28. Nb8 Rxa5 29. Bxa5 fxe4 30. Nc6 g5 31. Bd2 Rc2 32. Nb4 Rc5 33. Bxg5 Kf7 34. Bd2 e6 35. dxe6+ Kxe6 36. f3 d5 37. fxe4 dxe4 38. Rh3 h5 39. Rh4 Re5 40. Nc2 Bf6 41. Rf4 1-0

[Event "Premier"]
[Site "Hastings ENG"]
[Date "2008.01.05"]
[Round "9"]
[White "Malakhatko, V."]
[Black "Pavlovic, Milos"]
[Result "1-0"]
[WhiteElo "2603"]
[BlackElo "2536"]
[PlyCount "75"]
[EventDate "2007.12.28"]
[Source "www.chesslib.no"]
[SourceDate "2004.05.04"]

1. c4 Nf6 2. d4 c5 3. d5 b5 4. cxb5 a6 5. bxa6 g6 6. Nc3 Bxa6 7. g3 d6 8. Bg2 Bg7 9. Nf3 Nbd7 10. Rb1 O-O 11. O-O Qa5 12. Bd2 Rfb8 13. Qc2 Qc7 14. b3 Nb6 15. Nh4 Bb7 16. e4 Ba6 17. Rfe1 Ng4 18. h3 Ne5 19. Re3 Nbd7 20. a4 Bd3 21. Rxd3 Nxd3 22. Nb5 Qc8 23. Qxd3 c4 24. Qxc4 Qxc4 25. bxc4 Rxa4 26. Bf1 Nc5 27. Re1 Ra1 28. Rxa1 Bxa1 29. f3 Ra8 30. Be3 Ra2 31. Bxc5 dxc5 32. f4 Bb2 33. e5 f6 34. exf6 exf6 35. Be2 Kf8 36. Nf3 Ke7 37. Kf2 Kd7 38. Ne1 1-0

[Event "Figueres"]
[Site "?"]
[Date "2006.08.12"]
[Round "?"]
[White "Leitao Rafael"]
[Black "Solodovnichenko Yuri"]
[Result "1-0"]
[WhiteElo "2598"]
[BlackElo "2537"]
[PlyCount "73"]
[EventDate "2006.??.??"]
[Source "www.chesslib.no"]
[SourceDate "2004.05.04"]

1. d4 Nf6 2. c4 c5 3. d5 b5 4. cxb5 a6 5. bxa6 g6 6. Nc3 Bxa6 7. g3 d6 8. Bg2 Bg7 9. Nf3 Nbd7 10. Rb1 O-O 11. O-O Ne8 12. Nh4 Bc4 13. b3 Bxc3 14. bxc4 Rxa2 15. Rb7 Bg7 16. Qb3 Ra8 17. Bh3 Nc7 18. Bd2 e6 19. dxe6 Nxe6 20. Nf3 Rb8 21. Rd1 Ne5 22. Bxe6 Nxf3+ 23. Qxf3 fxe6 24. Rxb8 Qxb8 25. Qe4 Qe8 26. Be3 Qe7 27. Qd3 Rd8 28. Bxc5 Bf8 29. Ba3 Qf6 30. c5 d5 31. c6 Bxa3 32. Qxa3 Qf8 33. c7 Rc8 34. Qa6 Qe8 35. Qd6 Qf7 36. Qd8+ Qf8 37. Qd7 1-0

[Event "FRA-chT"]
[Site "France"]
[Date "1999.??.??"]
[Round "10"]
[White "Piket, Jeroen"]
[Black "Cramling, Pia"]
[Result "1-0"]
[WhiteElo "2619"]
[BlackElo "2515"]
[PlyCount "69"]
[EventDate "1999.02.??"]
[Source "www.chesslib.no"]
[SourceDate "2004.05.04"]

1. d4 Nf6 2. c4 c5 3. d5 b5 4. cxb5 a6 5. bxa6 g6 6. Nc3 Bxa6 7. Nf3 Bg7 8. g3 d6 9. Bg2 Nbd7 10. Rb1 Nb6 11. b3 Bb7 12. Nh4 O-O 13. O-O Ne8 14. Qc2 Nc7 15. e4 e6 16. Rd1 exd5 17. exd5 f5 18. Bb2 Qd7 19. Ba1 Ba6 20. a4 Qf7 21. a5 Nd7 22. Nf3 h6 23. b4 Rfb8 24. bxc5 Rxb1 25. Qxb1 Rb8 26. Qa2 Nxc5 27. Na4 Nxa4 28. Bxg7 Qxg7 29. Qxa4 Nb5 30. Re1 Rc8 31. h4 Kh7 32. Qf4 Qf7 33. Re6 Re8 34. Nd4 Nxd4 35. Qxd4 1-0

[Event "TCh-BIH"]
[Site "Jahorina"]
[Date "2003.06.22"]
[Round "3"]
[White "Aleksandrov, Aleksej"]
[Black "Ristic, Nenad"]
[Result "1/2-1/2"]
[WhiteElo "2650"]
[BlackElo "2480"]
[PlyCount "104"]
[EventDate "2003.06.21"]
[Source "Roberto Alvarez"]
[SourceDate "2003.07.07"]

1. d4 Nf6 2. c4 c5 3. d5 b5 4. cxb5 a6 5. bxa6 g6 6. Nc3 Bxa6 7. g3 d6 8. Bg2 Bg7 9. Nf3 Nbd7 10. O-O Nb6 11. Nh4 O-O 12. Qc2 Nfd7 13. Rd1 Nc4 14. Bh3 Ra7 15. Rb1 Qa5 16. Bxd7 Rxd7 17. Na4 Bb5 18. b3 Ra7 19. Nxc5 Rc7 20. b4 Qa7 21. a4 dxc5 22. axb5 cxb4 23. Rxb4 Nb2 24. Rxb2 Rxc2 25. Rxc2 Qa4 26. Rdd2 Qxb5 27. Nf3 Ra8 28. Kg2 h6 29. Bb2 Bxb2 30. Rxb2 Qc4 31. Rbc2 Qe4 32. Rc3 Qb1 33. g4 Qb4 34. Rcd3 Qxg4+ 35. Kf1 Qh3+ 36. Kg1 Qf5 37. d6 Ra1+ 38. Rd1 Qxd3 39. Rxa1 Qxd6 40. h3 Qe6 41. Kg2 g5 42. Ng1 Qd5+ 43. Kf1 h5 44. Ra3 f6 45. Rd3 Qc6 46. Re3 Kf7 47. Rd3 e5 48. f3 f5 49. Kg2 e4 50. Ra3 h4 51. Kh1 Kf6 52. Ra2 Qb6 1/2-1/2

[Event "FRA-chT 9900"]
[Site "France"]
[Date "2000.05.01"]
[Round "11.1"]
[White "Lautier, Joel"]
[Black "Koch, Jean Rene"]
[Result "1/2-1/2"]
[WhiteElo "2632"]
[BlackElo "2498"]
[PlyCount "53"]
[EventDate "2000.02.04"]
[Source "www.chesslib.no"]
[SourceDate "2004.05.04"]

1. d4 Nf6 2. c4 c5 3. d5 b5 4. cxb5 a6 5. bxa6 g6 6. Nc3 Bxa6 7. g3 d6 8. Bg2 Bg7 9. Nf3 Nbd7 10. Rb1 Nb6 11. b3 Bb7 12. Nh4 O-O 13. O-O Ng4 14. Bb2 Bxc3 15. Bxc3 Rxa2 16. b4 c4 17. Qd4 Nf6 18. e4 Na4 19. Qxc4 Nxc3 20. Qxc3 Qb6 21. Rb2 Rc8 22. Qxc8+ Bxc8 23. Rxa2 Qxb4 24. Ra8 Qb7 25. Rfa1 Kg7 26. h3 Nd7 27. Nf3 1/2-1/2

[Event "TCh-FRA Top 16 Gp A"]
[Site "Clichy FRA"]
[Date "2008.03.22"]
[Round "1"]
[White "Flear, G."]
[Black "Tregubov, P."]
[Result "0-1"]
[WhiteElo "2493"]
[BlackElo "2636"]
[PlyCount "128"]
[EventDate "2008.03.22"]
[Source "www.chesslib.no"]
[SourceDate "2004.05.04"]

1. d4 Nf6 2. c4 c5 3. d5 b5 4. cxb5 a6 5. bxa6 g6 6. Nc3 Bxa6 7. Nf3 Bg7 8. g3 d6 9. Bg2 Nbd7 10. Rb1 O-O 11. O-O Qa5 12. Bd2 Ng4 13. Qc2 Nge5 14. Nxe5 Nxe5 15. b3 Qa3 16. Bc1 Qa5 17. Bd2 Qa3 18. Bc1 Qa5 19. Bb2 c4 20. Rfc1 Rfc8 21. Qd1 Rab8 22. Bh3 f5 23. Na4 Bb5 24. f4 Bxa4 25. fxe5 c3 26. Bxc3 Rxc3 27. Rxc3 Qxc3 28. bxa4 Rxb1 29. Qxb1 Bxe5 30. Qd1 h5 31. Qd3 Bd4+ 32. Kg2 Qa1 33. Kf3 Bc5 34. Qd2 Qb1 35. Qf4 Qxa2 36. Bxf5 Qxd5+ 37. Be4 Qd1 38. Kg2 Qxe2+ 39. Kh3 Kg7 40. Bd5 e6 41. Bg2 Be3 42. Qf3 Qd3 43. Qe4 Qxe4 44. Bxe4 Bb6 45. g4 hxg4+ 46. Kxg4 d5 47. Bc2 Kf6 48. Bb3 g5 49. h3 Bd8 50. Ba2 Ke5 51. a5 Bxa5 52. Kxg5 Bd8+ 53. Kg4 Ke4 54. h4 e5 55. Bb1+ Ke3 56. Kf5 Kd4 57. h5 e4 58. h6 Bc7 59. h7 Be5 60. Bc2 e3 61. Bd1 Bh8 62. Ke6 Ke4 63. Bc2+ Kf4 64. Bd3 d4 0-1

[Event "Aeroflot Open 2008"]
[Site "Moscu RUS"]
[Date "2008.02.19"]
[Round "6.28"]
[White "Kotanjian, Tigran"]
[Black "Balogh, Csaba"]
[Result "1-0"]
[WhiteElo "2545"]
[BlackElo "2575"]
[PlyCount "86"]
[EventDate "2008.02.14"]
[Source "www.chesslib.no"]
[SourceDate "2004.05.04"]

1. d4 Nf6 2. c4 c5 3. d5 b5 4. cxb5 a6 5. bxa6 g6 6. Nc3 Bxa6 7. Nf3 Bg7 8. Nd2 d6 9. e4 Qa5 10. Bxa6 Qxa6 11. a4 O-O 12. Nb5 Qb7 13. O-O Na6 14. Ra3 Nc7 15. Nxc7 Qxc7 16. Qc2 Ra7 17. Nc4 Nd7 18. Bd2 Ne5 19. b3 Rb8 20. Rb1 Qb7 21. a5 Qa6 22. Ra4 Rab7 23. Nb6 Nd7 24. Nxd7 Rxd7 25. Qc4 Qxc4 26. Rxc4 Rdb7 27. b4 h5 28. Kf1 Rb5 29. Ke2 e6 30. Rb3 exd5 31. exd5 Kh7 32. a6 Ra8 33. Ra3 Rb6 34. bxc5 dxc5 35. a7 Rb7 36. Rca4 Rd7 37. Be3 Bf8 38. Ra6 Rxd5 39. Rb3 Bd6 40. Rd3 Rxd3 41. Kxd3 Bxh2 42. g3 f5 43. Kc4 Kg8 1-0

[Event "6. EICC"]
[Site "?"]
[Date "2005.06.30"]
[Round "12"]
[White "Gurevich Mikhail"]
[Black "Cao Sang"]
[Result "0-1"]
[WhiteElo "2630"]
[BlackElo "2488"]
[PlyCount "68"]
[EventDate "2005.??.??"]
[Source "www.chesslib.no"]
[SourceDate "2004.05.04"]

1. d4 Nf6 2. c4 c5 3. d5 b5 4. cxb5 a6 5. bxa6 Bxa6 6. Nc3 d6 7. g3 g6 8. Bg2 Bg7 9. Nf3 Nbd7 10. Rb1 Qa5 11. Bd2 O-O 12. O-O Rfb8 13. b3 Qa3 14. Bc1 Qa5 15. Bb2 Ne8 16. Qc2 c4 17. b4 Rxb4 18. Ba1 Rab8 19. Rxb4 Rxb4 20. Rd1 Nc5 21. Qd2 Qb6 22. Qe3 Bf6 23. g4 Na4 24. Nd4 Bxd4 25. Rxd4 Rb1+ 26. Nxb1 Qxb1+ 27. Bf1 Qxa1 28. Re4 Nf6 29. Rxe7 Nxd5 30. Re8+ Kg7 31. Qa7 Nc5 32. g5 Bb5 33. Rb8 Bc6 34. Rc8 Bd7 0-1

[Event "London ENG"]
[Site "?"]
[Date "1996.??.??"]
[Round "5"]
[White "Portisch Lajos"]
[Black "Cramling Pia"]
[Result "1/2-1/2"]
[WhiteElo "2595"]
[BlackElo "2520"]
[PlyCount "55"]
[EventDate "1996.??.??"]
[Source "www.chesslib.no"]
[SourceDate "2004.05.04"]

1. d4 Nf6 2. c4 c5 3. d5 b5 4. cxb5 a6 5. bxa6 g6 6. Nc3 Bxa6 7. g3 d6 8. Bg2 Bg7 9. Nh3 Nbd7 10. O-O O-O 11. Bd2 Qa5 12. Qc2 Rfb8 13. Rab1 Ne8 14. Nf4 Ne5 15. b3 Bc8 16. a4 Bd7 17. Rfc1 Qa7 18. Nd3 Qxa4 19. Rd1 Qh4 20. Na4 c4 21. Rf1 e6 22. Nac5 Rd8 23. Be1 Rac8 24. Qa2 f6 25. Nxe5 c3 26. Bxc3 Ra8 27. Qa5 Kf8 28. Qa7 1/2-1/2